00918nam a2200217 a 4500001001000000003000500010005001700015008004100032010001100073011001100084040000900095100002800104245022400132260004100356500006000397502006900457650002900526650003100555650004400586856007000630000113223CHAP20220329144344.0170518s2016 mx a fsm |||||||spa d a109684 a110656 cCHAP1 aPérez Cortés, Fredy10aEvaluación nutricional, fitosanitaria y metabólica de Cupressus guadalupensis S. Wats. del huerto semillero mediante sensores bioelectromagnéticos en Chapingo, México /h[En línea]cpor Fredy Pérez Cortés. aChapingo, Méx. :bEl autor,c2016. aPara ver el contenido del material haga clic en la liga aTesis (Ing. Forestal) -- UACH. División de Ciencias Forestales14aBosquesxRegeneración.14aCupressusxConservación.14aCupressusxFisiología y morfología. aFinding aiduhttp://10.13.5.2/tesis/sist113223.pdfzTeclea aquí